| 000 | 00414nam a2200181Ia 4500 | ||
|---|---|---|---|
| 005 | 20240823005522.0 | ||
| 008 | 240823s9999||||xx |||||||||||||| ||und|| | ||
| 082 | _A620 M6 | ||
| 100 | _aPandya N C | ||
| 245 | 0 | _aRefergerants | |
| 250 | _a2nd | ||
| 260 |
_c1986 _b"Charotar, Anand ," |
||
| 500 | _aTransfered | ||
| 650 |
_aRefrigeration _bMechanical |
||
| 700 | _a Shah C S | ||
| 942 | _cBK | ||
| 999 |
_c155959 _d155959 |
||